Statistiques concernant Psycho Quiz

Cliquez ici pour prendre le quiz!

Statistiques générales

  • Ce quiz a été pris 59 fois
  • Le résultat moyen est 5 sur 10

Statistiques - réponses

HintRéponse% Correct
Inventeur de la psychanalyseFreud
100%
Fille préférée de Freud, elle est devenue psychanalyste pour enfantsAnna
70%
De quelle pathologie étaient supposées souffrir les premières patientes de Freud?Hystérie
67%
Dans quelle ville était situé le célèbre cabinet de Sigmund Freud?Vienne
63%
Cette pièce de mobilier est souvent associée à la psychanalyseDivan
56%
Capitale européenne où est mort le père de la psychanalyseLondres
39%
Ce psychiatre-psychanalyste français affirmait que l'inconscient est structuré comme un langageLacan
37%
Quelle était la spécialité médicale de Freud?Neurologie
37%
Au 19ème Siècle cet hôpital parisien était célèbre pour ses présentations publiques de malades hystériquesLa Salpêtrière
35%
Psychanalyste pour enfant à l'origine d'une théorie du développement psychique infantile, elle est considérée comme la rivale de Anna FreudMélanie Klein
20%

Distribution des résultats

Percentile par nombre de réponses

% des personnes avec chaque résultat

Votre développement - résultats

Vous n’avez pas pris ce quiz